Kadra reprezentacji Turcji na Euro 2024 - Statystyki

Ogólne statystyki
  • Ten quiz został rozwiązany 122 razy
  • Średni wynik to 8 z 26
Statystyki odpowiedzi
Zawodnik Pozycja Klub % Poprawnych
Arda Güler Napastnik Real Madryt
93%
Kenan Yildiz Napastnik Juventus
70%
Hakan Çalhanoğlu Pomocnik Inter Mediolan
69%
Barıs Alper Yilmaz Napastnik Galatasaray
58%
Altay Bayindir Bramkarz Manchester United
49%
Orkun Kökçü Pomocnik Benfica
49%
Merih Demiral Obrońca Al-Ahli
46%
Salih Özcan Pomocnik Borussia Dortmund
41%
Zeki Çelik Obrońca AS Roma
39%
Mert Günok Bramkarz Beşiktaş
38%
Kerem Aktürkoğlu Napastnik Galatasaray
28%
Mert Müldür Obrońca Fenerbahçe
25%
Ferdi Kadioğlu Obrońca Fenerbahçe
23%
Cenk Tosun Napastnik Beşiktaş
20%
İrfan Can Kahveci Napastnik Fenerbahçe
20%
Yusuf Yazici Napastnik Lille
20%
Uğurcan Cakır Bramkarz Trabzonspor
19%
Abdülkerim Bardakci Obrońca Galatasaray
18%
Ahmetcan Kaplan Obrońca Ajax Amsterdam
14%
Samet Akaydın Obrońca Panathinaikos
14%
Okay Yokuslu Pomocnik West Bromwich Albion
13%
Kaan Ayhan Pomocnik Galatasaray
11%
Yunus Akgün Napastnik Leicester City
10%
İsmail Yuksek Pomocnik Fenerbahçe
8%
Semih Kılıcsoy Napastnik Beşiktaş
8%
Bertug Yildirim Napastnik Stade Rennais
6%
Nie znaleziono quizów pasujących do podanych kryteriów
Rozkład punktacji
Procent ludzi z każdym wynikiem
Percentyl według liczby udzielonych odpowiedzi
Twoja historia wyników
Nie rozwiązałeś tego quizu